| 000 | 00483nam a2200181 a 4500 | ||
|---|---|---|---|
| 001 | 2275 | ||
| 003 | CDMR | ||
| 005 | 20131121100138.0 | ||
| 008 | 130130s1965||||||||||||||||||||||||||||d | ||
| 040 |
_aCDMR _bcat _cCDMR |
||
| 100 | 1 |
_aDenoyer, Pierre _91691 |
|
| 245 | 1 | 3 |
_aLa presse moderne _cpar Pierre Denoyer |
| 260 |
_aParis _c1965 _bPresses Universitaires de France |
||
| 300 | _a126 p. | ||
| 490 | 0 |
_aQue sais-je? _v414 |
|
| 650 | 0 | 4 |
_9311 _aEmpreses periodÃstiques |
| 942 |
_cMON _2udc |
||
| 999 |
_c2275 _d2275 |
||